000 00521nam a2200181Ia 4500
008 151202s9999||||xx |||||||||||||| ||und||
082 _bPNVM-60635
100 _aबापट मुकुंद.
245 _aजीवन.
260 _b"सूर्याक्षर विविाा,पुणे."
260 _c60635
300 _a190
600 _aबापट मुकुंद.
630 _aजीवन.
700 _aबापट मुकुंद.
730 _aजीवन.
942 _cBOOK
999 _c1327169
_d1327166